Mandíbula - Statistics

Estatísticas Gerais
  • Esse quiz foi jogado 33 vezes
  • A pontuação média é 5 de 12
Estatísticas das Respostas
Hint Resposta % Correto
12 Processo coronoide
84%
1 Processo condilar
68%
4 Forame mandibular
63%
11 Incisura mandibular
53%
7 Linha milo-hioideia
42%
3 Tuberosidade pterigoideia
37%
9 Espinhas genianas
32%
Inferiormente ao 6(margem inferior da mandíbula) Fossa digástrica
32%
10 Língula da mandíbula
32%
5 Sulco milohióideu
26%
8 Fóvea sublingual
16%
6 Fóvea submandibular
16%
Nenhum quiz correspondente encontrado
Distribuição das Pontuações
Porcentagem de Pessoas com Cada Pontuação
Percentil de Números Respondidos
Sua Pontuação Histórica
Você não jogou esse quiz